| 000 | 01135pam a2200289 a 4500 | ||
|---|---|---|---|
| 001 | 4000581 | ||
| 003 | OSt | ||
| 005 | 20170421204212.0 | ||
| 008 | 961101s1997 enka b 001 0 eng | ||
| 010 | _a 96048930 | ||
| 020 | _a0521590949 | ||
| 020 | _a0521599113 | ||
| 040 |
_aDLC _cDLC _dDLC |
||
| 050 | 0 | 0 |
_aQC176 _b.S487 1997 |
| 082 | 0 | 0 |
_a530.4 _221 _bSIL 1997 |
| 100 | 1 |
_aSilsbee, Robert H.; Jorg, Drager. _98373 |
|
| 245 | 1 | 0 |
_aSimulations for Solid State Physics: _ban interactive resource for students and teachers |
| 260 |
_bCambridge University Press, _c1997. |
||
| 300 |
_axvii, 348 p. : _bill. ; _c26 cm. + _e1 CDROM |
||
| 504 | _aIncludes bibliographical references and index. | ||
| 538 | _aSystem requirements for accompanying computer disc: Microsoft Windows 3.1 or later; Apple Power Macintosh running system 7.5 or later; Unix workstations with X windows. | ||
| 650 | 0 |
_aSolid state physics _98374 |
|
| 650 | 0 |
_aphysics solids _912116 |
|
| 856 | 4 | 2 |
_3Publisher description _uhttp://www.loc.gov/catdir/description/cam028/96048930.html |
| 906 |
_a7 _bcbc _corignew _d1 _eocip _f19 _gy-gencatlg |
||
| 942 |
_2ddc _cSLOAN |
||
| 999 |
_c3811 _d3811 |
||